banner-ar

النزاعات الاهلية العربية: العوامل الداخلية والخارجية / (Record no. 50083)

MARC details
000 -الفاتح
حقل البيانات ثابتة الطول 00777nam a2200229Ia 4500
008 - عناصر البيانات ثابتة الطول - معلومات عامة
حقل البيانات ثابتة الطول 140319s9999 xx 000 0 ara d
040 ## - مصدر الفهرسة
وكالة الفهرسة الأصلية GCL /
وكالة النسخ GCL
082 04 - رقم تصنيف ديوى العشرى
رقم التصنيف 320.956
رقم المادة م ن
100 1# - المدخل الرئيسى - إسم شخصى
الإسم الشخصى ساسين عساف
245 10 - بيان العنوان
العنوان النزاعات الاهلية العربية: العوامل الداخلية والخارجية /
بيان المسئوليه,etc ساسين عساف
700 1# - المدخل الاضافى - اسم شخصى
الإسم الشخصى محمد جابر الانصارى
700 1# - المدخل الاضافى - اسم شخصى
الإسم الشخصى عبدالاله بلقزيز
700 1# - المدخل الاضافى - اسم شخصى
الإسم الشخصى عدنان السيد حسين
300 ## - الوصف المادى
التعداد 202
490 ## - بيان السلسلة
عنوان السلسلة مركز دراسات الوحده العربية
رقم المجلد/ التعيين التسلسلي 0
650 04 - المدخل الاضافى بالموضوع-مصطلح موضوعى
مصطلح موضوعي النزاع العربى الاسرائيلى
650 04 - المدخل الاضافى بالموضوع-مصطلح موضوعى
مصطلح موضوعي السياسة
650 04 - المدخل الاضافى بالموضوع-مصطلح موضوعى
مصطلح موضوعي الاقليات
650 04 - المدخل الاضافى بالموضوع-مصطلح موضوعى
مصطلح موضوعي الصهيونية
942 ## - عناصر المدخل الإضافي( كوها)
مصدر التصنيف او مخطط الترفيف Dewey Decimal Classification
Koha [default] item type كتاب
Holdings
حالة التراجع حالة الفقد حالة تلف ليس للاعارة المكان المؤقت الموقع الحالى تاريخ الاكتساب اجمالي اﻻعارات رقم الطلب الباركود تاريخ اخر مشاهدة تاريخ تفعيل السعر نوع وعاء كوها
        مكتبة القاهرة الكبرى مكتبة القاهرة الكبرى 03/26/2014   320.956\م ن 120092 03/26/2014 03/26/2014 كتاب

Powered By

EGPV